भारतातील स्‍त्री अभ्‍यास : संस्‍था आणि व्‍यवहारांचा वेध (Record no. 32051)

MARC details
000 -LEADER
fixed length control field 00555nam a2200157Ia 4500
008 - FIXED-LENGTH DATA ELEMENTS--GENERAL INFORMATION
fixed length control field 220531s9999 xx 000 0 und d
041 ## - LANGUAGE CODE
Language code of text/sound track or separate title mar
100 ## - MAIN ENTRY--PERSONAL NAME
Personal name देहदराय स्‍वाती
9 (RLIN) 55497
245 ## - TITLE STATEMENT
Title भारतातील स्‍त्री अभ्‍यास : संस्‍था आणि व्‍यवहारांचा वेध
260 ## - PUBLICATION, DISTRIBUTION, ETC. (IMPRINT)
Name of publisher, distributor, etc. Savitribai Phule Aabhyas Kendra
Date of publication, distribution, etc. 2009
300 ## - PHYSICAL DESCRIPTION
Extent 90
542 ## - INFORMATION RELATING TO COPYRIGHT STATUS
Copyright holder 04-03-2010
650 ## - SUBJECT ADDED ENTRY--TOPICAL TERM
Topical term or geographic name as entry element Sociology
9 (RLIN) 55498
906 ## - LOCAL DATA ELEMENT F, LDF (RLIN)
d 2009-2010
Holdings
Withdrawn status Lost status Source of classification or shelving scheme Damaged status Not for loan Home library Current library Date acquired Vendor Cost, normal purchase price Total Checkouts Total Holds Full call number Barcode Date last seen Bill Date Koha item type Original Barcode
    Dewey Decimal Classification     Shri Siddhivinayak Mahila Mahavidyalaya Shri Siddhivinayak Mahila Mahavidyalaya 04/03/2010 Stree abhyas kendra 40.00   1 /-/B/13050 SSMM-BK-13050 06/08/2022 06/08/2022 Books 010013050